Logo BPK

Biblioteka

Politechniki Koszalińskiej

Systemy operacyjne DOS [Disk Operating System] i OS [Operating System] / (Rekord nr 20290)

Szczegóły MARC
000 -ETYKIETA REKORDU
podpole kontrolne o stałej długości 00602nam a2200193 i 4500
001 - NUMER KONTROLNY REKORDU
pole kontrolne bg
040 ## - ŹRÓDŁO KATALOGOWANIA
Instytucja, która utworzyła rekord BPK
041 ## - KOD JĘZYKA
Kod języka tekstu pol
080 ## - UNIWERSALNA KLASYFIKACJA DZIESIĘTNA - UKD
UKD 681.322.066
008 - POLE O STAŁEJ DŁUGOŚCI - DANE KONTROLNE
podpole kontrolne o stałej długości s pl f |000 0 pol
100 1# - NAZWA OSOBOWA
Nazwa osobowa GŁOWACKI, Marek
245 #0 - TYTUŁ/ODPOWIEDZIALNOŚĆ
Tytuł Systemy operacyjne DOS [Disk Operating System] i OS [Operating System] /
Pozostałe elementy strefy tytułu i oznaczenia odpowiedzialności Marek Głowacki.
260 ## - STREFA ADRESU WYDAWNICZEGO
Miejsce wydania Warszawa :
Nazwa wydawcy/dystrybutora Wydawn. Nauk.-Techn.,
Data publikacji, dystrybucji/powstania dokumentu 1982.
300 ## - STREFA OPISU FIZYCZNEGO
Objętość s. 151, nlb. 3 :
Inne cechy fizyczne rys.
490 1# - STREFA SERII I DOKUMENTU WIELOCZĘŚCIOWEGO - FORMA NIE DO WYSZUKIWANIA
Tytuł i oznaczenie odpowiedzialności serii Biblioteka Inżynierii Oprogramowania
504 ## - UWAGA DOTYCZĄCA BIBLIOGRAFII
Informacje o bibliografii [Zawiera bibliogr. s. 145-146].
830 ## - HASŁO DODATKOWE SERII LUB DOKUMENTU WIELOCZĘŚCIOWEGO - TYTUŁ UJEDNOLICONY
Tytuł ujednolicony Biblioteka Inżynierii Oprogramowania
856 ## - LOKALIZACJA I DOSTĘP DO ELEKTRONICZNYCH DOKUMENTÓW ZDALNYCH
Link (URL) http://koha.tu.koszalin.pl/cgi-bin/koha/opac-detail.pl?biblionumber=20290
Tekst linku Katalog online BPK
942 ## - DODATKOWE ELEMENTY (KOHA)
Typ dokumentu Książka
Egzemplarze
Wycofany Status egzemplarza Uszkodzony Dostępność Lokalizacja stała Lokalizacja bieżąca Miejsce przechowywania Sygnatura Kod kreskowy Typ dokumentu
      Dostępny Biblioteka Politechniki Koszalińskiej Biblioteka Politechniki Koszalińskiej Wypożyczalnia BG 28624 01358094 Książka
      Dostępny Biblioteka Politechniki Koszalińskiej Biblioteka Politechniki Koszalińskiej Wypożyczalnia BG 28624/L 01399240 Książka
© 2023 Biblioteka Politechniki Koszalińskiej :: KOHA